000 00375nam a2200121Ia 4500
008 170221s9999 xx 000 0 und d
245 _aEFFECT OF SALES PROMOTION SCHEMES ON PURCHASE QUANTITY: A STUDY OF MALAYSIAN CONSUMERS
260 _bManagement & Marketing
260 _cAugust 2015
300 _a4:2
650 _xMarketing.
856 _uhttp://www.mnmk.ro/en/nrcrt.php
999 _c310116
_d310116